| 000 | 01602nam0a2200325 4500 | ||
|---|---|---|---|
| 001 | RU\NLR\bibl\19141 | ||
| 005 | 20260407022148.0 | ||
| 021 |
_aRU _b99-2205 _9103 |
||
| 035 | _a(NLR Aleph) 000018694 | ||
| 090 |
_a82833 _c82833 |
||
| 100 | _a19990331d1998 |||y0rusy50 ca | ||
| 101 | 0 | _arus | |
| 102 | _aRU | ||
| 105 | _a||||||||||||| | ||
| 200 | 1 |
_aРуководство по эксплуатации автомобиля ВАЗ 1111, 11113 "Ока" _fВолж. об-ние по пр-ву легковых автомобилей, ЧП Морозов Д.В. |
|
| 210 |
_aМ. _cЧП Морозов Д.В. _d1998 |
||
| 215 |
_a81 с. _cил. _d22 |
||
| 225 | 1 | _aВсем и каждому за рулем | |
| 300 | _aНа обл.: ВАЗ 1111 "ОКА" : Рук. по эксплуатации и техобслуживанию | ||
| 512 | 1 | _aВАЗ 1111 "ОКА" | |
| 606 | 0 |
_aАвтомобили ВАЗ "Ока" _jРуководства, пособия и т.п. _xЭксплуатация _92083071 _3RU\NLR\auth\661259119 |
|
| 606 | 0 |
_a"Ока", легковые автомобили микролитражные _jРуководства, пособия и т.п. _xЭксплуатация _92083072 _3RU\NLR\auth\661259120 |
|
| 686 | _aО335.526-082я7 | ||
| 712 | 0 | 2 |
_4570 _aВолжское объединение по производству легковых автомобилей _cТольятти _3RU\NLR\AUTH\8810007276 _9512099 |
| 801 | 0 |
_aRU _bNLR _c19990331 _gPSBO |
|
| 801 | 1 |
_aRU _bNLR _c19990331 |
|
| 852 |
_aNLR _j99-4/700 |
||
| 942 | _cBOOK | ||
| 980 | _aNB | ||